Gazdagság és/vagy politika
Elmentve itt :
| Szerző: | |
|---|---|
| Adatforrás: | Philobibl |
| Forrásdokumentuma: | Létünk 1991.,1-2.sz., 71-78. p. |
| Dokumentumtípus: | Cikk |
| Nyelv: | magyar |
| LEADER | 00278nab a2200097 c 4500 | ||
|---|---|---|---|
| 001 | bibDOK00022326 | ||
| 005 | 20200924121634.8 | ||
| 008 | 060518s1991 xx hun | ||
| 100 | 1 | |a Losoncz Alpár | |
| 245 | 1 | 0 | |a Gazdagság és/vagy politika |c Losoncz Alpár |
| 773 | 0 | |t Létünk |g 1991.,1-2.sz., 71-78. p. | |